Využitie kvantitatívnych metód v rozhodovaní marketingového manažéra diplomová práca

Guardado en:
Detalles Bibliográficos
Autor principal: Schönbecková, Zuzana
Autor Corporativo: Obchodná fakulta EU. Katedra marketingu
Otros Autores: Baumöhl, Eduard, 1982-
Formato: Libro
Lenguaje:eslovaco
Publicado: Bratislava 2025
Etiquetas: Agregar Etiqueta
Sin Etiquetas, Sea el primero en etiquetar este registro!

MARC

LEADER 00000nbm a2200000 4500
001 0310246
005 20251104124325.5
041 0 |a slo 
044 |a SK 
245 1 0 |a Využitie kvantitatívnych metód v rozhodovaní marketingového manažéra  |b diplomová práca  |c Zuzana Schönbecková ; školiteľ: Eduard Baumöhl 
264 1 |a Bratislava  |c 2025 
300 |a 51 s. 
100 1 |a Schönbecková, Zuzana 
700 1 |a Baumöhl, Eduard, 1982- 
710 2 |a Obchodná fakulta EU. Katedra marketingu